Personnalités francophones aléatoires par images - Statistiques

Statistiques générales
  • Ce quiz a été pris 365 fois
  • Le résultat moyen est 12 sur 20
Statistiques - réponses
Par images Réponse % Correct
Alain Chabat
100%
Charles de Gaulle
100%
Claire Chazal
100%
Emmanuel Macron
100%
François Hollande
100%
Gad Elmaleh
100%
Jean Dujardin
100%
Jean-Luc Mélenchon
100%
Nicolas Sarkozy
100%
Zinédine Zidane
100%
Léna Situations
96%
Simone Veil
96%
Jeanne d'Arc
95%
Kylian Mbappé
95%
Léon Marchand
95%
Louis XIV
95%
Squeezie
95%
Vanessa Paradis
95%
Antoine Dupont
94%
Napoléon Ier
94%
Natoo
94%
Omar Sy
94%
Pierre Niney
94%
Teddy Riner
94%
Zazie
94%
Marine Le Pen
93%
Paul Mirabel
93%
Thomas Pesquet
93%
Victor Hugo
93%
Claude François
91%
Louis de Funès
91%
Patrick Sébastien
91%
Stéphane Bern
91%
Florence Foresti
90%
Jean Moulin
90%
Michou
90%
Mylène Farmer
90%
Laure Manaudou
89%
Slimane
89%
Cyprien
88%
Gabriel Attal
88%
Éric Antoine
87%
Félix Lebrun
87%
Vianney
87%
Gérard Jugnot
86%
Johnny Hallyday
86%
Michel Drucker
86%
Hoshi
85%
Jenifer
85%
Laura Felpin
85%
Amixem
83%
Jean Reno
83%
France Gall
82%
Virginie Efira
82%
Julien Lepers
81%
Anne Hidalgo
80%
Bourvil
79%
Clara Luciani
79%
François Fillon
79%
François Mitterrand
79%
Thierry Henry
79%
Coluche
78%
Marion Cotillard
78%
Tony Parker
77%
Anne Roumanoff
76%
Chantal Ladesou
76%
Muriel Robin
76%
Juju Fitcats
75%
Sophie Davant
75%
Éric Ciotti
73%
Michel Cymès
71%
Rachida Dati
71%
Sébastien Chabal
71%
Catherine Deneuve
70%
Laurent Ruquier
70%
Jean-Pierre Foucault
69%
Marc Lavoine
69%
Valérie Pécresse
68%
Christiane Taubira
67%
Jean-Jacques Goldman
67%
Karine Le Marchand
67%
Maximilien de Robespierre
67%
Alain Souchon
65%
Léa Seydoux
65%
Bernadette Chirac
64%
Carla Bruni
64%
Cyril Lignac
64%
Sylvie Tellier
62%
Geneviève de Fontenay
61%
Line Renaud
60%
Paul Bocuse
60%
Audrey Tautou
59%
Francis Cabrel
59%
Anne-Claire Coudray
58%
Clovis Cornillac
58%
Nicolas Hulot
58%
Blanche Gardin
57%
Christine Bravo
57%
Laurent Gerra
57%
François Ier
56%
Harry Roselmack
56%
Luc Besson
56%
Thierry Lhermitte
55%
Laurence Boccolini
54%
Clarisse Agbegnenou
53%
Laurent Delahousse
53%
Laurent Voulzy
53%
Louis Bodin
53%
Molière
53%
Pascal Légitimus
53%
Ségolène Royal
52%
Alain Delon
50%
Jean-Paul Sartre
50%
Élodie Poux
48%
Michèle Laroque
48%
Mireille Mathieu
48%
Raymond Devos
48%
Richelieu
48%
Gaël Monfils
47%
Louis Pasteur
47%
Évelyne Dhéliat
46%
Loïs Boisson
45%
Olympe de Gouges
45%
Joe Dassin
44%
Julien Courbet
44%
Sheila
44%
Françoise Hardy
43%
Maghla
43%
Véronique Sanson
43%
Barbara
42%
Charles Baudelaire
41%
Amélie Nothomb
40%
Georges Brassens
40%
Nathalie Baye
40%
Tony Estanguet
39%
Étienne Daho
38%
Roselyne Bachelot
38%
Dorothée
36%
Isabelle Adjani
36%
Marie-José Pérec
36%
Christine Lagarde
35%
Liliane Bettencourt
33%
Florence Arthaud
32%
Yves Montand
31%
Voltaire
30%
Josiane Balasko
29%
Simone Signoret
29%
Jean Jaurès
28%
Philippe Chevallier
28%
Colette
27%
Catherine de Médicis
26%
Édith Cresson
26%
Georges Clémenceau
26%
Coco Chanel
25%
Jeannie Longo
25%
Caroline Garcia
24%
George Sand
24%
Madame de Pompadour
23%
Anémone
22%
Françoise Sagan
22%
Joséphine de Beauharnais
22%
Suzanne Lenglen
20%
Inès de la Fressange
19%
Juliette Binoche
19%
Marie-Claude Pietragalla
19%
Charlotte Corday
18%
Émile Zola
18%
Simone de Beauvoir
18%
Marguerite Yourcenar
17%
Jean d'Ormesson
15%
Louise Michel
14%
Lucie Aubrac
14%
Léon Zitrone
13%
Arlette Laguiller
12%
Denise Fabre
11%
Marcel Proust
8%
Marguerite Duras
8%
Olivier de Kersauzon
7%
Nostradamus
6%
Sarah Bernhardt
5%
Camille Claudel
0%
Isabelle Huppert
0%
Kiki de Montparnasse
0%
Maryse Bastié
0%
Aucun quiz correspondant
Distribution des résultats
% des personnes avec chaque résultat
Percentile par nombre de réponses
Votre historique - résultats
Vous n’avez pas pris ce quiz